WayV all songs (July 2025 update) - Statistics

General Stats
  • This quiz has been taken 219 times
    114 since last reset
  • The average score is 41 of 69
Answer Stats
Hint Answer % Correct
Phantom Phantom
98%
Take Off Take Off
98%
Give Me That Give Me That
95%
Kick Back Kick Back
95%
On My Youth On My Youth
95%
FREQUENCY FREQUENCY
94%
BIG BANDS BIG BANDS
92%
Take Over The Moon Moonwalk
91%
The Vision Regular
86%
Give Me That She A Wolf
85%
Phantom Low Low
83%
Digital single (WayV-TEN &YANGYANG) Low Low
83%
BIG BANDS Ice Tea
82%
On My Youth Poppin' Love
80%
Take Over The Moon Love Talk
77%
NCT RESONANCE Pt. 1 Nectar
77%
Awaken The World Turn Back Time
77%
Take Over The Moon King of Hearts
74%
Universe Miracle
74%
Kick Back Action Figure
72%
Pre-Release (FREQUENCY) HIGH FIVE
71%
Awaken The World Bad Alive
66%
The Highest Deep Ocean
66%
Awaken The World Domino
66%
The Vision Come Back
65%
Phantom Diamonds Only
63%
On My Youth RODEO
63%
Phantom Bounce Back
58%
FREQUENCY Call Me
58%
The Vision Dream Launch
57%
FREQUENCY Filthy Rich
55%
BIG BANDS Sad Eyes
55%
Phantom Try My Luck
54%
The Highest Go Higher
52%
Phantom Back To You
51%
Digital single (WayV-KUN &XIAOJUN) Back To You
51%
The Highest Bandage
51%
On My Youth Moonlight
51%
Japanese digital single Welcome To My Paradise
51%
Take Over The Moon Yeah Yeah Yeah
51%
Kick Back All For Love
49%
Awaken The World Electric Hearts
49%
Kick Back Horizon
49%
On My Youth Lighthouse
49%
Take Off Say It
49%
Awaken The World After Midnight
48%
Awaken The World Only Human
48%
FREQUENCY TWIST
48%
Give Me That New Ride
46%
Awaken The World Unbreakable
46%
BIG BANDS WOAH
46%
On My Youth Be Alright
45%
Take Off Let me love u
45%
On My Youth No One But You
45%
Take Over The Moon We go nanana
45%
Give Me That Don’t Get Mad
43%
On My Youth INVINCIBLE
43%
Kick Back Good Time
42%
Take Over The Moon Face to Face
40%
Phantom Good Life
40%
The Highest Tempo
40%
Awaken The World Up From Here
40%
Give Me That Might As Well
38%
BIG BANDS Your Song
38%
The Highest Images
37%
Awaken The World Stand By Me
37%
Phantom Broken Love
35%
On My Youth Ain't No Thing
31%
The Highest What A Good Time
28%
No matching quizzes found
Score Distribution
Percent of People with Each Score
Percentile by Number Answered
Your Score History
You have not taken this quiz since the last reset